Spiel 8 - Statistiken

Allgemein
  • Dieses Quiz wurde 108 mal gespielt
  • Das Durchschnittsergebnis liegt bei 9 aus 17
Antwortstatistiken
Frage Antwort % Korrekt
Aus welcher Stadt kommen die Beatles? Liverpool
87%
Hauptstadt von Uruguay Montevideo
85%
Toms Mutter hat drei Kinder: Tick, Trick und ... ? Tom
84%
Größte der Balearischen Inseln Mallorca
81%
Meistgesprochene Sprache der Welt Mandarin
79%
Ein Preis für die schlechteste Leistung innerhalb eines Filmjahres ist die Goldene... Himbeere
76%
In welchem Jahr wurde Queen Elisabeth II. zur Königin gekrönt? 1953
71%
Wort mit P für Geldbörse Portemonnaie
69%
Beispiel für noch lebende Säugetierart, die Eier legt Schnabeltier
64%
Welche Sportmarke hieß ursprünglich Blue Ribbon Sports? Nike
58%
Welches chemische Element macht 92 % der Sonne aus? Wasserstoff
53%
Wie nennt ein Berliner ein Brötchen? Schrippe
47%
"Danke" auf Portugiesisch Obrigado
38%
Von wem stammt das Zitat “Kunst wäscht den Staub des Alltags von der Seele.”? Picasso
14%
Um den Zwischenwertsatz der Analysis anzuwenden, muss die Funktion ... sein. stetig
14%
Autor der Aeneis Vergil
8%
Von welchem Mathematiker ist der obige Zwischenwertsatz? Bolzano
5%
Keine übereinstimmenden Quizze gefunden
Verteilung der Resultate
Anzahl Personen mit jedem Resultat
Perzentil nach korrekt beantworteten Fragen
Ihre Resultats-Entwicklung
Sie haben dieses Quiz noch nicht gespielt